| 000 | 00427nam a2200097Ia 4500 | ||
|---|---|---|---|
| 008 | 180130s9999 xx 000 0 und d | ||
| 245 |
_cHerland, Matthew; Khoshgoftaar, Taghi M.; Wald, Randall _aA review of data mining using big data in health informatics |
||
| 260 | _c2016 | ||
| 300 | _aBook title: Big data analytics : (database management systems)--Acession number C20736; pages 203-237 | ||
| 650 | _aDATABASE MANAGEMENT SYSTEMS | ||
| 999 |
_c354394 _d354394 |
||